Statistics for The Geography Now! Quiz

Click here to take the quiz!

General Stats

  • This quiz has been taken 113 times
    (85 since last reset)
  • The average score is 14 of 28

Answer Stats

Hint Answer % Correct
Who's starring the show?Barby
84%
His real namePaul Barbato
83%
Where he livesin L.A.
81%
The flag videos are released on which day?on Flag/Fan Friday!
79%
Very handsome black guyNoah
70%
Guy with curly hair, plays the bassKeith
68%
The 4 parts of the showFriend Zone
68%
Legendary guy who makes the animationsKen
67%
Who was co-starring in the South Korea video?Barby's mom
65%
The country that must not be named!FYROM
60%
So, without further...adooooo
59%
The 4 parts of the showDemographics
59%
His followersGeograpeeps
57%
The 4 parts of the showPhysical Geography
57%
The place of 101 Dalmatian....Islands - Ha!Croatia
51%
The 4 parts of the showPolitical Geography
51%
Country marking half-wayLesotho
46%
Country ruled by Danes in the Indian OceanBandiaterra
43%
Between Greenland and Norway, Hush languageLimberwisk
43%
His favorite actorBob Saget
38%
They still want that ocean!Bolivia
33%
And finally...THE RED STANDS FOR...THE BLOOD OF THOSE WHO FOUGHT FOR THEIR FREEDOM!
33%
Biscoito vs. Bolacha countryBrazil
33%
The best way to anger a ColombianC-O-L-U....
29%
Most-watched videoGermany
29%
Country that loves Michael JacksonCôte d'Ivoire
17%
Who lives in a radioactive atoll?Invertebrates!
17%
This country is member of WTF (debatable)Belize
8%

Score Distribution

Percentile by Number Answered

Percent of People with Each Score

Your Score History

You have not taken this quiz since the last reset